Historia Włoch - Statystyki

Ogólne statystyki
  • Ten quiz został rozwiązany 243 razy
  • Średni wynik to 13 z 20
Statystyki odpowiedzi
Wskazówka Odpowiedź % Poprawnych
Epoka w historii kultury europejskiej, która powstała we Włoszech w ok. XIV w. Renesans
93%
Faszystowski lider Włoch w latach 1925–1943 Benito Mussolini
90%
Miasto w północnych Włoszech, które dominowało w handlu śródziemnomorskim w średniowieczu Wenecja
90%
Malarz, który namalował m.in. freski w kaplicy Sykstyńskiej Michał Anioł
89%
Największy kościół Rzymu, wybudowany w 1626 r. Bazylika {Świętego Piotra} na Watykanie
88%
Miasto narodzin powyższej epoki Florencja
83%
Francuz, który podbił Włochy na początku XIX wieku i wprowadził wiele reform Napoleon
81%
Afrykańskie państwo najechane przez Włochy w 1935 r. Etiopia
77%
Stolica Piemontu oraz pierwsza stolica Włoch (1861-1865) Turyn
73%
Miasto-"rywal" powyższego i miejsce urodzenia Krzysztofa Kolumba Genua
63%
Poeta, który napisał "Boską Komedię" Dante Alighieri
62%
Fizyk, który zaobserwował jako pierwszy znany człowiek księżyce Jowisza Galileusz
57%
Generał, którego legion "czerwone koszule" walczył o zjednoczenie Giuseppe Garibaldi
53%
Pierwszy król zjednoczonych Włoch (1861) Wiktor Emanuel II
52%
Ród kupiecki, który rządził powyższym miastem. Jej znanym przedstawicielem jest Wawrzyniec Wspaniały oraz Kosma I Starszy Medyceusze
46%
Wielopaństwowy twór polityczny, który technicznie rządził Włochami w latach 951-1806 Święte Cesarstwo Rzymskie
45%
Najwyższy urzędnik w powyższym Doża
44%
Zachodniogermański lud, który w latach 568-774 kontrolował większą część Półwyspu Apenińskiego. Od tego wzięła się nazwa regionu, w którym leży Mediolan Longobardowie
31%
Włoski ród, z którego pochodził skorumpowany papież Aleksander VI (1492-1503) Borgiowie
29%
Stronnictwo polityczne, które na przełomie XII i XIII wieku rywalizowało z gwelfami Gibelini
10%
Nie znaleziono quizów pasujących do podanych kryteriów
Rozkład punktacji
Procent ludzi z każdym wynikiem
Percentyl według liczby udzielonych odpowiedzi
Twoja historia wyników
Nie rozwiązałeś tego quizu